| 000 | 00617nam a2200241 a 4500 | ||
|---|---|---|---|
| 001 | nice12345678 | ||
| 003 | IN_TiNIC | ||
| 005 | 20260116014614.0 | ||
| 008 | 050524s2001 dela grp 000 0 eng | ||
| 020 |
_a8187385 _c100 |
||
| 082 | 0 | 0 |
_a340.59 _bSHA9 |
| 100 | _aShad, Abdur Rahman | ||
| 245 | _aDo`s and Do Not`s Islam (al-Halal Wal Haram) | ||
| 260 |
_aDelhi _bRightway Pub _c2001 |
||
| 300 | _a268p | ||
| 500 | _aincludes index and biblioraphy | ||
| 505 | 2 | _aGeneral Conclusions | |
| 650 | _aIslamic-Law | ||
| 700 | 1 | _aShad, Abdur Rahman | |
| 902 | _bSRS | ||
| 942 | _cBK | ||
| 999 |
_c16193 _d16193 |
||